FIFA 16 - FIFA 14 Piłkarze oceniani na 90+ - Statystyki

Ogólne statystyki
  • Ten quiz został rozwiązany 90 razy
  • Średni wynik to 13 z 14
Statystyki odpowiedzi
Gra Ocena Ogólna Drużyna Piłkarz % Poprawnych
FIFA 16 94 Lionel Messi
100%
FIFA 15 94 Lionel Messi
100%
FIFA 14 94 Lionel Messi
100%
FIFA 16 93 Cristiano Ronaldo
99%
FIFA 15 93 Cristiano Ronaldo
99%
FIFA 14 92 Cristiano Ronaldo
99%
FIFA 16 90 Manuel Neuer
91%
FIFA 15 90 Manuel Neuer
91%
FIFA 16 90 Luis Suarez
89%
FIFA 16 90 Arjen Robben
86%
FIFA 15 90 Arjen Robben
86%
FIFA 14 90 Franck Ribery
80%
FIFA 15 90 Zlatan Ibrahimović
78%
FIFA 14 90 Falcao
58%
Nie znaleziono quizów pasujących do podanych kryteriów
Rozkład punktacji
Procent ludzi z każdym wynikiem
Percentyl według liczby udzielonych odpowiedzi
Twoja historia wyników
Nie rozwiązałeś tego quizu